Statistics for Largest European Cities on a Map by Letter - N

Click here to take the quiz!

General Stats

  • This quiz has been taken 141 times
  • The average score is 11 of 17

Answers on the Map

Answers color-coded by a green-red scale on the quiz's map according to % correct below.
Loading ...
 

Answer Stats

Pop.City% Correct
967kNaples
100%
520kNuremberg
96%
341kNice
93%
290kNewcastle upon Tyne
90%
315kNantes
89%
317kNottingham
87%
263kNovi Sad
73%
1.26mNizhny Novgorod
72%
200kNorwich
67%
133kNewport
50%
236kNorthampton
49%
154kNîmes
46%
190kNiš
46%
176kNijmegen
41%
142kNorrköping
40%
154kNeuss
25%
168kNovocherkassk
3%

Score Distribution

Percentile by Number Answered

Percent of People with Each Score

Your Score History

You have not taken this quiz